000 00617nam a2200205 a 4500
005 20140311163016.0
008 070212s19uu xx 00 eng d
020 _a1845370538
050 _aND 1473
_b.G348 2001
100 _aGair, Angela
245 _aHow to paint :
_ba complete step-by-step guide for beginners covering watercolours, acrylics and oils.
260 _aLondon :
_bNew Holland Publisher,
_c2001.
300 _a352 p. :
_bill. ;
_c27 cm.
521 _aMA
650 _aPainting
_xTechnique.
650 _aDrawing
_xTechnique.
700 _aSidaway, Ian
942 _cBK
_2lcc
_kFOR
999 _c39425
_d39425